000 00801nam a22002417a 4500
999 _c11263
_d11263
003 AR-CdUCM
008 190401b ||||| |||| 00| 0 spa d
020 _a9972728978
040 _aMUNICIPALIDAD PROVINCIAL DEL CUSCO
_cBIBLIOTECA MUNICIPAL DEL CUSCO
082 _aEP / 372.460 /
_bN29
110 _aFondo editorial Navarrete
_911579
245 _aPalabras mágicas :
_bcomunicación integral 1 /
260 _aLima :
_bNavarrete,
300 _a159 páginas ;
_bIlustraciones, graficos, dibujos,
_c27 cm.
500 _aComunicación integral.
650 _aComunicación integral.
_927637
650 _aEducación primaria.
_91561
650 _aEducación inicial.
_93463
650 _aTexto educativo
_925832
650 _aCuaderno de trabajo
_911620
942 _2ddc
_cLIBROS
945 _apjha